000 00771nam a22003257a 4500
001 00757
003 DO-SdBNP
005 20180131120330.0
007 00757
008 151106b 1976 sp |||| |||| 00| 0 spa d
020 _a8420113179
040 _aBPMSU
_bspa
_cBPMSU
041 1 7 _aspa
_h
092 _a
_b
100 1 0 _aAlcott, Louise May
240 _aLittle Women
_lspa
245 _aMujercitas /
_cLouise May Alcott
250 _a12a. edición
260 _a Barcelona :
_bAFHA
_c1976
300 _a194 p. :
_bil.,
_c21cm.
490 1 0 _a
490 1 0 _aAFHA
_v8
700 1 2 _a
_d
_e
700 1 0 _a
_d
_e
830 0 0 _a AFHA
_p8
830 0 0 _a
942 _2ddc
_cBK
945 _aInventariado, 2018/ YL
956 _aVMATEO
_210
_320160317
_6BPMSU
_80069
999 _c9456
_d9456